| 000 | 00822nam a22002415a 4500 | ||
|---|---|---|---|
| 005 | 20161206113759.0 | ||
| 008 | 161206s20152222nyua frb |||1 00| 0 eng d | ||
| 020 | _a9789814670869 | ||
| 020 | _a9814670863 | ||
| 040 |
_aEG-ScBUE _beng-ScBUE _cEG-ScBUE _dEG-ScBUE |
||
| 082 | 0 | 4 |
_222 _a658.404 _bOBE |
| 100 | 1 |
_923039 _aOberlender, Garold D. |
|
| 245 | 1 | 0 |
_aProject management for engineering and construction / _cGarold D. Oberlender. |
| 250 | _a3rd ed., International ed. | ||
| 260 |
_aNew York : _bMcGraw-Hill Education, _c2015. |
||
| 300 |
_axii, 420 p. : _bill. ; _c24 cm. |
||
| 500 | _aIndex : p. 413-420. | ||
| 504 | _aIncludes bibliographical references. | ||
| 650 | 7 |
_2BUEsh _aEngineering _xManagement. _93514 |
|
| 650 | 7 |
_911664 _aProject management. _2BUEsh |
|
| 653 |
_bENGGEN _cDecember2016 |
||
| 942 | _2ddc | ||
| 999 |
_c23468 _d23440 |
||